| 000 | 00532nam a2200169Ia 4500 | ||
|---|---|---|---|
| 008 | 180921t2018 xxu||||| |||| 00| 0 sin d | ||
| 041 | _asin | ||
| 080 |
_a82-1 _bකොඩිතු |
||
| 100 | _aකොඩිතුවක්කු,පරාක්රම | ||
| 245 | _aයැන්සි කාව්ය නදී | ||
| 246 | _aYansi kaawaya nadi | ||
| 260 |
_bසරසවි _aනුගේගොඩ _c2018 |
||
| 300 | _bපි.231, සෙ.මී.21 | ||
| 942 | _cBK | ||
| 999 |
_c6962 _d6962 |
||
| 003 | LK-CoDNM | ||
| 040 |
_aLK-CoDNM _dLK-CoDNM _eLK-CoDNM |
||